Statistiques concernant Les belligérants de la guerre civile syrienne en 2022 sur une carte

Cliquez ici pour prendre le quiz!

Statistiques générales

  • Ce quiz a été pris 277 fois
  • Le résultat moyen est 9 sur 13

Réponses sur la Carte

Les réponses sont colorées sur une échelle allant du rouge au vert en fonction du pourcentage des utilisateurs qui les ont devinées à leur premier essai. Vous pouvez retrouver ces pourcentages ci-dessous.
 

Statistiques - réponses

Belligérants% Correct
États-Unis
97%
Armée Iranienne
96%
Russie
96%
Armée Syrienne et alliés
91%
Armée Syrienne et Forces démocratiques syriennes
91%
État Islamique
90%
Armée turque, Armée Syrienne Libre
88%
Forces démocratiques syriennes
73%
Israël (Territoire disputé)
70%
Milices du Hezbollah
30%
Opposition Syrienne (Maghaweir Al-Thawrah)
21%
Milices chiites
7%
Hayat Tahrir Al-Cham
4%

Distribution des résultats

Percentile par nombre de réponses

% des personnes avec chaque résultat

Votre développement - résultats

Vous n’avez pas pris ce quiz